00281nam a2200121Ia 45000030006000000080041000060400015000471000034000622450025000962600009001215460012001300050017001420STCL150530s9999 xx 000 0 und d aSTCLcSTCL aGeorge Reele; Smeaton, O.; Ed aArraignment of Paris c1905 aEnglish20220125171011.0